000 004500000a22001810004500
003 LK-CoMWRAF
005 20240319114534.0
008 230817t ||||| |||| 00| 0 eng d
040 _aLK-CoMWRAF
_dLK-CoMWRAF
_eLK-CoMWRAF
041 _aeng
082 _a923
_bIST
100 _aIstambuli, Mahmud Mahdi
245 _aKing Salahuddin Al Ayyubi
300 _a16 p.
650 _aRULERS-Egypt
700 _aEl-Kalkili, M. Adel
_etrans.
942 _cBK
999 _c1751
_d1751